Advertising and consumer psychology /

Bibliographic Details
Other Authors: Percy, Larry, Woodside, Arch G.
Format: Book
Language:English
Published: Lexington, Mass. : Lexington Books, [1983]
Subjects:

MARC

Tag First Indicator Second Indicator Subfields
LEADER 00000pam a2200000 a 4500
001 in00000371237
005 20151011085625.0
008 830303s1983 maua b 00100 eng
010 |a  82048006  
020 |a 0669057665 
035 |a (OCoLC)09371158 
035 |9 ABQ5169AM 
039 0 |a 2  |b 3  |c 3  |d 3  |e 3 
040 |a DLC  |c DLC  |d TXA  |d UtOrBLW 
049 |a TXAM  |c [1118586] 
050 0 0 |a HF5822  |b  A24 1983 
082 0 |a 659.1/01/9  |2 19 
245 0 0 |a Advertising and consumer psychology /  |c edited by Larry Percy, Arch G. Woodside. 
264 1 |a Lexington, Mass. :  |b Lexington Books,  |c [1983] 
264 4 |c ©1983 
300 |a xxiv, 400 pages :  |b illustrations ;  |c 24 cm. 
336 |a text  |b txt  |2 rdacontent 
337 |a unmediated  |b n  |2 rdamedia 
338 |a volume  |b nc  |2 rdacarrier 
500 |a Includes indexes. 
504 |a Bibliography: pages 345-385. 
650 0 |a Advertising  |x Psychological aspects. 
700 1 |a Percy, Larry. 
700 1 |a Woodside, Arch G. 
999 |a MARS 
999 f f |s 1afd3eda-15ab-3ca7-953d-b620b30b34b3  |i 5d1b83f8-9765-3072-82cc-566c4b2d5f4e  |t 0 
952 f f |p ric  |a Texas A&M University  |b Rellis Campus  |c Joint Library Facility  |d Remote Storage  |t 0  |e HF5822 A24 1983  |h Library of Congress classification  |i unmediated -- volume  |m A14807505919 
998 f f |a HF5822 A24 1983  |t 0  |l Remote Storage